000 01291cad a22002775a 4500
001 L159036
008 130206s2015 xxk f 000 0 eng d
020 _a9781783211326
035 _a(Sirsi) u159036
041 0 _aeng
110 2 _aRoyal Institution of Chartered Surveyors
_94900
245 _aFinal account procedures
_h[electronic resource]
260 _aLondon
_bRICS
_c2015
300 _a26p.
490 0 _aRICS Guidance Note
490 0 _aRICS Black Book
520 _aEffective from 14 March 2016. Summarises what a final account is and how they are used to establish a final adjustment to the contract price. The practical issues of how to prepare a final account in accordance with the contract and the process of cooperation between the parties and negotiation is also discussed. Guidance is given in relation to the main forms of contract and main procurement routes.
590 _aKA
650 2 4 _aFINAL ACCOUNTS
650 2 4 _aRICS QS AND CONSTRUCTION STANDARDS
650 2 4 _aRICS BLACK BOOK
651 4 _aUnited Kingdom
690 _aContracts
_96232
856 4 0 _uhttps://www.rics.org/profession-standards/rics-standards-and-guidance/sector-standards/construction-standards/black-book/final-account-procedures
_zAvailable free on RICS.org
942 _n0
_2ddc
999 _c115637
_d115637